The wayfarer, (Record no. 18039)

MARC details
000 -LEADER
fixed length control field 00597cam a22002171 4500
001 - CONTROL NUMBER
control field ca 36000219
003 - CONTROL NUMBER IDENTIFIER
control field DLC
005 - DATE AND TIME OF LATEST TRANSACTION
control field 20260227111140.0
008 - FIXED-LENGTH DATA ELEMENTS--GENERAL INFORMATION
fixed length control field 790209s1936 xx 000 0 eng
010 ## - LIBRARY OF CONGRESS CONTROL NUMBER
LC control number ca 36000219
035 ## - SYSTEM CONTROL NUMBER
System control number (OCoLC)4634676
040 ## - CATALOGING SOURCE
Original cataloging agency DLC
Transcribing agency OCl
Modifying agency DLC
042 ## - AUTHENTICATION CODE
Authentication code premarc
050 00 - LIBRARY OF CONGRESS CALL NUMBER
Classification number PN6120.R4
Item number B97
082 ## - DEWEY DECIMAL CLASSIFICATION NUMBER
Classification number 812.5
100 1# - MAIN ENTRY--PERSONAL NAME
Personal name Butler, Byron T.
245 14 - TITLE STATEMENT
Title The wayfarer,
Statement of responsibility, etc. by Byron T. Butler.
260 ## - PUBLICATION, DISTRIBUTION, ETC.
Place of publication, distribution, etc. Boston, Mass.,
-- Los Angeles, Cal.
Name of publisher, distributor, etc. [Walter H. Baker company,
Date of publication, distribution, etc. c1936]
300 ## - PHYSICAL DESCRIPTION
Extent 23 p.
Dimensions 19 cm.
490 0# - SERIES STATEMENT
Series statement Baker's religious plays and pageants

No items available.

Powered by Koha